000 01055nam a2200277 i 4500
003 EG-GICUC
005 20260127165138.0
008 260127s19851405ua ||||fr|||| 00| 0 ara d
040 _a EG-GICUC
_bara
_c EG-GICUC
_d EG-GICUC
_erda
041 _aara
082 0 4 _221
_a343.91
_bع ب . ج
092 0 4 _221
099 _aLaw1 10 343.91 ع ب . ج1985
100 0 _aعبدالفتاح خضر
_eمؤلف.
245 1 2 _aالجربمة أحكامها العامة في الإتجاهات المعاصرة والفقه الإسلامي /
_cتأليف الدكتور عبدالفتاح خضر.
264 3 _aالسعودية :
_bمعهد الإدارة العامة،
_c1985.
300 _a453 صفحة ;
_c24 سم.
336 _2rda content
_atext
337 _2rda media
_aComputer
338 _2rda carrier
_aOnline Resource
504 _aيشتمل على إرجاعات ببليوجرافية.
650 1 _aالقانون الجنائي
856 4 0 _uhttps://fll.law.cu.edu.eg/fulltext/bks/B10-08128.pdf
905 _a43
942 _2ddc
_n0
_cBK
_e21
999 _c59701
_d59701